名字含“源”的县区 Counties with source in their names - Statistics

General Stats
  • This quiz has been taken 99 times
  • The average score is 17 of 33
Answer Stats
地级行政区 县区 % Correct
省直辖 济源市
77%
西宁市 湟源县
74%
张家界市 武陵源区
68%
白山市 江源区
62%
河源市 东源县
61%
河源市 源城区
61%
保定市 涞源县
59%
常德市 桃源县
59%
萍乡市 安源区
58%
太原市 晋源区
58%
韶关市 乳源瑶族自治县
58%
临沧市 沧源佤族自治县
55%
娄底市 涟源市
55%
福州市 罗源县
55%
定西市 渭源县
55%
朝阳市 凌源市
54%
达州市 万源市
54%
长治市 沁源县
51%
上饶市 婺源县
49%
大庆市 肇源县
49%
大同市 浑源县
48%
海北藏族自治州 门源回族自治县
48%
固原市 泾源县
46%
韶关市 翁源县
46%
大理白族自治州 洱源县
42%
伊犁哈萨克自治州 新源县
42%
淄博市 沂源县
42%
漯河市 源汇区
42%
桂林市 资源县
42%
张家口市 沽源县
39%
雅安市 汉源县
39%
凉山彝族自治州 盐源县
39%
曲靖市 富源县
38%
No matching quizzes found
Score Distribution
Percent of People with Each Score
Percentile by Number Answered
Your Score History
You have not taken this quiz